000 00988nam a22002057a 4500
005 20241206144755.0
010 _aHIN-128903
020 _c400.00
035 _aHN-101249
037 _bDBAD
082 _a320.2
100 _aरामफल सिंह
_974804
245 _aप्रजातंत्र के मूलभूत सिद्धांतो की स,संबधित सरकारों द्वारा अनदेखी के कारण तानाशाही का विश्व मे उदय हुआ/
_cरामफल सिंह
250 _aप्रथम
260 _a दिल्ली
_bसजग प्रकाशन
_c2023
270 _aबी- 26 पटपडगंज इंडस्ट्रियल एरिया
_bदिल्ली
_e110092
_k01143035012
_k42720372
300 _a180पृ.
_c22सेंमी.(सजिल्द)
700 _974778
942 _2ddc
_cHN
_h320.2
_mरामफ
999 _c207472
_d207472